00853 a2200193 4500003000500000005001700005010001700022020001500039040000900054082001700063100002400080245010600104260007900210300006000289505022800349650003400577651001900611700002900630Nust20221129101136.0 a 2001021251 a0201361833 cNust00a621.3815,SPE1 aSpencer, Richard R.10aIntroduction to electronic circuit design (Include CD) /cRichard R. Spencer, Mohammed S. Ghausi. aUpper Saddle River, N.J. :bPrentice Hall/Pearson Education, Inc.,cc2003. axx, 1132 p. :bill. ;c26 cm. +e1 CD-ROM (4 3/4 inch.) aPart-1: The Foundations of Electric Circuit Design (Page-1), Semiconductor Physics and Electric Devices (Page-43), Part-2: Analog Electronic Circuit Design (Page-211), Part-3: Digital Electronic Circuit Design (Page-965).  0aTelecommunication engineering a(Include CD) 1 aGhausi, Mohammed Shuaib.